Atatürk'ün yolunda uyarmalar (Record no. 1644)

MARC details
000 -BAŞLIK
Sabit Uzunlukta Kontrol Alanı 00747na a2200265 4500
001 - KONTROL NUMARASI
Denetim Alanı 13925
003 - KONTROL NUMARASI IDENTIFIER
Denetim Alanı MIRAKIL
005 - SON İŞLEM TARİHİ VE ZAMANI
Denetim Alanı 20181213154830.0
008 - SABİT-BOY VERİ ELEMANLARI - GENEL BİLGİLER
Sabit Uzunlukta Kontrol Alanı 160822b tu 000 0
020 ## - ULUSLARARASI STANDART KİTAP NUMARASI
Uluslararası Standart Kitap Numarası 9789944337786
035 ## - SİSTEM KONTROL NUMARASI
Sistem Kontrol Numarası 13925
040 ## - KATALOGLAMA KAYNAK
Orijinal Kataloglama Ajansı Milas
Kataloglama Dili tur
Metne Dönüştürmek Ajansı TR-AnCHP
082 ## - DEWEY ONLU SINIFLANDIRMA NUMARASI
Sınıflandırma Numarası ATA 322
Ürün Numarası E67a 2012
090 ## - SINIFLAMA NUMARASI
Sınıflama Numarası ATA 322 E67a 2012
100 ## - ANA GİRİŞ - KİŞİSEL İSİM
Kişisel Ad Ertuğrul, Aytekin
245 ## - BAŞLIK TABLOSU
Başlık Atatürk'ün yolunda uyarmalar
Sorumluluk Tablosu, Vb Aytekin Ertuğrul
260 ## - YAYIN, DAĞITIM, VB
Yayın, Dağıtım, Vb Yeri İstanbul
Yayıncı, Dağıtıcı, Vs Adı Togan Yayınları
Yayın, Dağıtım, Vb Tarihi 2012
300 ## - FİZİKSEL TANIM
Kapsam 184 s.
Boyutlar 20 sm.
490 ## - SERİSİ TABLOSU
Seri Beyanı Togan Yayınları
Hacim / Ardışık Tanımı 67
600 ## - KONU KATMA GİRİŞ - KURUMSAL ADI
Kişisel Ad Atatürk, Mustafa Kemal
Bir Adıyla İlişkilendirilen Tarihler 1881-1938
650 ## - KONU KATMA GİRİŞ - TOPİKAL DÖNEM
Topikal Süreli Veya Coğrafi Ad Giriş Elemanı Siyasal tarih
Kronolojik Alt Bölümü 21. yüzyıl
Coğrafi Alt Bölümü Türkiye
650 ## - KONU KATMA GİRİŞ - TOPİKAL DÖNEM
Topikal Süreli Veya Coğrafi Ad Giriş Elemanı Ergenekon davası
650 ## - KONU KATMA GİRİŞ - TOPİKAL DÖNEM
Topikal Süreli Veya Coğrafi Ad Giriş Elemanı Balyoz davası
942 ## - EKLENDİ GİRİŞ ELEMANLARI (KOHA)
Sınıflandırma Veya Raf Düzeni Kaynak
Koha Öğesi Türü Books
999 ## - SİSTEM KONTROL NUMARALARI (KOHA)
Koha Biblionumber 1644
Koha Biblioitemnumber 1644
Holdings
Kalıcı Konum Mevcut Konum Edinme Tarihi Edinim Kaynak Toplam Check-Out'Lar Tam Çağrı Numarası Barkod Tarih Son Görülme İtibaren Geçerli Fiyatlar Koha Öğesi Türü
CHP Kütüphanesi CHP Kütüphanesi 08/22/2016 Bağış   ATA 322 E67a 2012 001748 08/22/2016 08/22/2016 Books